Filosofía, modernidad, posmodernidad

Na minha lista:
Detalhes bibliográficos
Autor principal: López Gil, Marta (autora)
Formato: Livro
Idioma:espanhol
Publicado em: Buenos Aires Biblos 1993
Edição:2a. ed
coleção:Colección Filosofía, 8
Assuntos:
Tags: Adicionar Tag
Sem tags, seja o primeiro a adicionar uma tag!

MARC

LEADER 00000nam a2200000 a 4500
001 UCJ2914
003 CL-VaPUC
008 070119e19930000AG |||||||||||||||||spa|d
020 |a 9509316598 
082 0 4 |a 190  |b LOP  |2 21 
100 |a López Gil, Marta  |e autora  |9 503975 
245 1 0 |a Filosofía, modernidad, posmodernidad 
250 |a 2a. ed 
300 |a 220 p 
942 |c BK 
945 |d 20070119 00:00:00  |a jtorresc 
260 |a Buenos Aires  |b Biblos  |c 1993 
500 |a Donación de la Dra. Marianne Peronard Thierry 
650 0 |a Filosofía contemporánea  |9 265372 
650 7 |a POSTMODERNIDAD  |2 CL-VaPUC  |9 503976 
650 0 |a Filosofía moderna  |9 258121 
650 0 |a Nihilismo  |9 265670 
650 0 |a Escepticismo  |9 258591 
650 0 |a Vanguardias artísticas  |9 503977 
650 7 |a SOCIEDAD DE CONSUMO  |2 CL-VaPUC  |9 354846 
650 0 |a Medios de comunicación de masas  |9 257273 
650 0 |a Feminismo  |9 259085 
650 7 |a ECOLOGISMO  |2 CL-VaPUC  |9 503978 
650 0 |a Publicidad  |9 314572 
650 7 |a DEPORTE  |2 CL-VaPUC  |9 503979 
583 |a last modification  |c 20070119 00:00:00  |k Rodrigo Vera 
490 0 |a Colección Filosofía, 8 
999 |c 319043  |d 319041 
952 |0 0  |1 0  |4 0  |6 190_000000000000000_LOP_1993  |7 0  |8 A  |9 397278  |a FDOPOS  |b FDOPOS  |d 2019-11-22  |i 4317823  |o 190 LOP 1993  |p 4317823  |r 2025-01-22  |w 2019-11-22  |y BK  |k MLA